LEADER 00851nam a2200181 i 4500 001 000000351587 003 CaOOAMICUS 005 20220919102005.0 008 220919n1955 be u000 u fre u 040 $aSeMil$bita 245 00$a4.2: Les droits et devoirs individuels: travail, propriété. 250 $aTroisième édition revue et corrigée 300 $a391 p. ;$c23 cm 773 0 $tLeçons de droit naturel.$dNamur : Maison d'éditions ad. Wesmael-Charlier (S.A.) ; Louvain : Société d'études morales, sociales et juridiques, 1955-1958.$kÉtudes morales, sociales et juridiques$g4$w()1125 850 $aSeMil 852 $aSeMil$W1$xVenegono$y1$m2F IV 99$j234516$B242783$CSeMilBibl$Z2$F242783 $81 996 $6245$a4.2: Les droits et devoirs individuels: travail, propriété$9(OLS)http://semarc/title/441383 LEADER 01084nam a2200253 i 4500 001 000000073205 003 CaOOAMICUS 005 20090521000000.0 008 090521s1965 fr u000 u mul u 013 $a44377 040 $aSeMil$bita 100 0 $aAlanus : de Insulis,$d<1120 ca.-1203>.$0(OLS)http://semarc/name/9658 245 10$aTextes inédits /$cAlain de Lille ; avec une introduction sur sa vie et ses oeuvres oar Marie-Thérèse d'Alverny. 260 $aParis :$bJ. Vrin,$c1965. 300 $a382 p., [1] p. di tav. :$bill. ;$c25 cm. 490 0 $aÉtudes de philosophie médiévale ;$v52. 700 1 $aAlverny, Marie-Thérèse : de <1903-1991>.$0(OLS)http://semarc/name/24684 830 0$aÉtudes de philosophie médiévale ;$v52.$0(OLS)http://semarc/title/8154 850 $aSeMil 852 $aSeMil$W1$xVenegono$y1$m2Q IV 102$j39357$B39357$CSeMilBibl$Z2$F39361 $81 900 0 $aAlano : di Lilla. 996 $6245$aTextes inédits$9(OLS)http://semarc/title/118187 996 $6260$aParis :$bJ. Vrin$9(OLS)http://semarc/publisher/30215